000 00295nam a2200145Ia 4500
100 _aAu/ Edith
942 _cBK
654 _aComputer
245 _aJava programming Basics
260 _bMIS
_aNew Delhi
_c1996
082 _a5.13
_bJAVA
300 _a458
546 _aENGLISH
999 _c20864
_d20864